00517nam a22001697a 450000500170000001000150001702000260003203500140005803700130007208200140008510000130009924500680011226000360018027000660021630000260028250000390030820170911123441.0 aENG-120376 a9789383649969c780.00 aEN-103908 bDBAD/PUB a343.54701 aJha,U.C. aPakistan army :cby U.P.Jhablegislator judge and executioner / aNew Delhi bKW Publishersc2016 a4676/21,First Floor, Ansari Road,DaryaganjbNew Delhie110002 aviii,199p.c24cm (Hb) aIncludes bibliographical reference